|
|
|
|
| LEADER |
02072nam a22004337a 4500 |
| 001 |
42877 |
| 003 |
BD-DhAAL |
| 005 |
20241106131713.0 |
| 008 |
240814r20142005ne ac b 001 0 eng d |
| 010 |
|
|
|a 2005273763
|
| 016 |
7 |
|
|a 101248746
|2 DNLM
|
| 020 |
|
|
|a 9789381269817
|
| 020 |
|
|
|a 9780124297852
|
| 020 |
|
|
|a 0124297854 (acidfree paper)
|
| 035 |
|
|
|a (OCoLC)ocm60792519
|
| 040 |
|
|
|a NLM
|c NLM
|d VLW
|d WCM
|d DLC
|d BD-DhAAL
|
| 042 |
|
|
|a nlmcopyc
|a lccopycat
|
| 050 |
0 |
0 |
|a QD262
|b .K86 2005
|
| 060 |
0 |
0 |
|a 2005 G-087
|
| 060 |
1 |
0 |
|a QD 262
|b K96s 2005
|
| 082 |
0 |
0 |
|a 547.2
|2 22
|
| 100 |
1 |
|
|a Kürti, László,
|d 1973-
|9 56636
|
| 245 |
1 |
0 |
|a Strategic applications of named reactions in organic synthesis :
|b background and detailed mechanisms /
|c László Kürti and Barbara Czakó.
|
| 246 |
|
|
|a Strategic applications of named reactions in organic synthesis
|
| 260 |
|
|
|a Amsterdam ;
|a Boston :
|
| 264 |
|
|
|a Amsterdam ;
|a Boston :
|b Elsevier Academic Press,
|c c2005 [reprinted 2017].
|
| 300 |
|
|
|a lii, 758 pages :
|b illustrations, ports. ;
|c 28 cm.
|
| 504 |
|
|
|a Includes bibliographical references (pages 531-714) and index.
|
| 526 |
|
|
|a PHR
|x Dr. Hasina Jesmin,
Assistant Dean and Program Director
Course name : Medicinal Chemistry I (PHR 301)
|
| 541 |
|
|
|a Karim International
|e 42877, 42878
|
| 650 |
|
0 |
|a Organic compounds
|x Synthesis.
|9 56637
|
| 650 |
|
0 |
|a Chemistry, Organic.
|
| 650 |
|
0 |
|a Pharmacy.
|
| 700 |
1 |
|
|a Czakó, Barbara.
|9 56638
|
| 852 |
|
|
|a Ayesha Abed Library
|
| 942 |
|
|
|2 ddc
|c BK
|
| 999 |
|
|
|c 46846
|d 46846
|
| 952 |
|
|
|0 0
|1 0
|2 ddc
|4 0
|6 547_200000000000000_KUR
|7 0
|9 75957
|a PHR
|b PHR
|d 2024-08-12
|e Karim International
|g 4860.00
|l 0
|o 547.2 KUR
|p 3010042878
|r 2024-08-12
|t 2
|v 4860.00
|w 2024-08-12
|y BK
|x Requisitioned by Dr. Hasina Jesmin for the course named-"Medicinal Chemistry I (PHR 301)".
|
| 952 |
|
|
|0 0
|1 0
|2 ddc
|4 0
|6 547_200000000000000_KUR
|7 0
|9 75958
|a PHR
|b PHR
|d 2024-08-12
|e Karim International
|g 4860.00
|l 0
|o 547.2 KUR
|p 3010042877
|r 2024-08-12
|t 1
|v 4860.00
|w 2024-08-12
|y BK
|x Requisitioned by Dr. Hasina Jesmin for the course named-"Medicinal Chemistry I (PHR 301)".
|